000 03358cam a2200325 4500500
005 20260111141831.0
041 _afre
042 _adc
100 1 0 _aRobu, Adrian
_eauthor
245 0 0 _aEntre Grecs et Sicules : la cité de Mégara Hyblaea à l’époque archaïque
260 _c2025.
500 _a43
520 _aRésuméRésumé : Les auteurs antiques témoignent de la difficulté des Mégariens à établir une cité en Sicile orientale dans la seconde moitié du viiie siècle avant J.-C. Selon Thucydide, la fondation de Mégara Hyblea est le résultat des négociations menées par les Mégariens avec le roi sicule Hyblôn, après l’échec de l’union politique avec les Chalcidiens à Léontinoi. L’article vise à étudier les relations entre Grecs et non-Grecs, ainsi que l’expansion territoriale de Mégara Hyblaea à l’époque archaïque. L’analyse porte sur les récits de colonisation et s’interroge sur la collaboration entre les Mégariens de Sicile et de Grèce dans le mouvement d’expansion vers la Sicile sud-occidentale, qui aboutit, dans la seconde moitié du viie siècle avant J.-C., à la fondation de Sélinonte.
520 _aAbstractAbstract: The ancient authors mention the difficulty for Megarians to establish a city in Sicily in the second half of the 8th century BC. According to Thucydides, the foundation of Megara Hyblaia is the result of negotiations between the Megarians and the Sikel king Hyblon, after the failure of political union with the Chalkidians at Leontinoi. The article studies the relations between Greeks and non-Greek populations, as well as the territorial expansion of Megara during the Archaic period. The analysis focusses on the colonization stories and discuss the collaboration between Megarians from Sicily and those from Greece for the expansion to the south-west of Sicily, that led, in the second half of the 7th century BC, to the foundation of Selinous.
520 _aResumen: Los autores antiguos testimonian la dificultad de los Megarianos de fundar una ciudad en Sicilia oriental en la segunda mitad del siglo VIII antes de Cristo. Según Tucídides, la fundación de Mégara Hiblea es el resultado de negociaciones emprendidas por los Megarianos con el rey sículo Hyblon, tras el fracaso de la unión política con los Calcidios en Leontinoi. El artículo tiene por objeto de investigar las relaciones entre Griegos y No-Griegos, así como la expansión territorial de Mégara en la época arcaica. El análisis se centra en los relatos de colonización y se interroga sobre la colaboración entre los Megarianos de Sicilia y de Grecia en el movimiento de expansión hacia la Sicilia del suroeste, la cual conduce, en la segunda mitad del siglo VII antes de Cristo, a la fundación de Selinunte.
690 _acolonisation grecque
690 _aDédale
690 _aMégara Hyblaea
690 _aMégare Nisaia
690 _aSélinonte
690 _aSicules
690 _aDaidalos
690 _aGreek colonisation
690 _aMegara Hyblaia
690 _aMegara Nisaia
690 _aSelinous
690 _aSikels
786 0 _nDialogues d'histoire ancienne | 51/2 | 2 | 2025-12-23 | p. 97-112 | 0755-7256
856 4 1 _uhttps://shs.cairn.info/revue-dialogues-dhistoire-ancienne-2025-3-page-97?lang=fr&redirect-ssocas=7080
999 _c1634976
_d1634976